[Event "chess.com Speed 5m+2spm 2017"]
[Site "chess.com INT"]
[Date "2017.05.24"]
[Round "1.2"]
[White "Karjakin, Sergey"]
[Black "Meier, Georg"]
[Result "1/2-1/2"]
[WhiteTitle "GM"]
[BlackTitle "GM"]
[WhiteElo "2783"]
[BlackElo "2630"]
[WhiteFideId "14109603"]
[BlackFideId "4675789"]
[EventDate "2017.05.03"]

1. e4 e6 2. d4 d5 3. Nd2 dxe4 4. Nxe4 Nd7 5. Nf3 Ngf6 6. Bd3 c5 7. O-O Nxe4 8.
Bxe4 Nf6 9. Bg5 cxd4 10. Qe2 Qb6 11. Rad1 Nxe4 12. Qxe4 f6 13. Bc1 Bc5 14. Nxd4
e5 15. Nb3 Be7 16. Be3 Qc6 17. Qxc6+ bxc6 18. Na5 c5 19. Nc6 c4 20. f4 e4 21.
Rd4 f5 22. Rfd1 Be6 23. g4 g6 24. g5 a6 25. Kf2 Rc8 26. Nxe7 Kxe7 27. Rd6 Rhd8
28. Bc5 Rxd6 29. Bxd6+ Ke8 30. Ke3 Rd8 31. Rd4 Rd7 32. Kd2 Kd8 33. Kc3 Kc8 34.
Bc5 Kc7 35. Rxd7+ Kxd7 36. Kd4 Kc6 37. Bb4 Bd5 38. h4 Bf7 39. a4 Bg8 40. Bc5 Bf7
41. Bb4 Bg8 42. Be7 Kd7 43. Bc5 Kc6 44. Bb4 Bf7 45. a5 Bg8 46. Be7 Bd5 47. Bd8
Bg8 48. Bb6 Kd6 49. Bc5+ Kc6 50. Bb4 Bd5 51. Ke5 e3 52. Kd4 e2 53. Ke3 Be4 54.
Kxe2 Bxc2 1/2-1/2

[Event "chess.com Speed 5m+2spm 2017"]
[Site "chess.com INT"]
[Date "2017.05.24"]
[Round "1.6"]
[White "Karjakin, Sergey"]
[Black "Meier, Georg"]
[Result "1/2-1/2"]
[WhiteTitle "GM"]
[BlackTitle "GM"]
[WhiteElo "2783"]
[BlackElo "2630"]
[WhiteFideId "14109603"]
[BlackFideId "4675789"]
[EventDate "2017.05.03"]

1. e4 e6 2. d4 d5 3. Nc3 dxe4 4. Nxe4 Nd7 5. Nf3 Ngf6 6. Bd3 c5 7. Nxf6+ Nxf6 8.
Be3 Qc7 9. Qe2 a6 10. O-O b6 11. c4 Be7 12. dxc5 Bxc5 13. Bxc5 bxc5 14. Rad1 Bb7
15. Ne5 O-O 16. Bc2 Rfd8 17. h3 h6 18. Qe3 Rac8 19. a3 a5 20. Rfe1 Kf8 21. Qf4
Kg8 22. Qe3 Kf8 23. h4 Rxd1 24. Rxd1 Be4 25. Nd7+ Nxd7 26. Bxe4 Nf6 27. Bf3 Rb8
28. b3 Ke7 29. g3 Rb6 30. Rd3 Rd6 31. Rxd6 Qxd6 32. Qc3 Qb6 33. Kg2 Kf8 34. Qe5
Nd7 35. Qe3 Ke7 36. g4 f6 37. g5 hxg5 38. hxg5 Ne5 39. Be4 Qd6 40. gxf6+ gxf6
41. Qg3 f5 42. Qg5+ Kf7 43. Bf3 Nxf3 44. Qh5+ Kf6 45. Qxf3 Qd4 46. Kf1 Kg6 47.
Qg3+ Kf6 48. Qh3 Qa1+ 49. Kg2 Qxa3 50. Qh8+ Kf7 51. Qh7+ Kf6 52. Qh8+ Kf7 53.
Qh7+ Kf6 54. Qh8+ 1/2-1/2

[Event "chess.com Speed 5m+2spm 2017"]
[Site "chess.com INT"]
[Date "2017.05.24"]
[Round "1.8"]
[White "Karjakin, Sergey"]
[Black "Meier, Georg"]
[Result "1/2-1/2"]
[WhiteTitle "GM"]
[BlackTitle "GM"]
[WhiteElo "2783"]
[BlackElo "2630"]
[WhiteFideId "14109603"]
[BlackFideId "4675789"]
[EventDate "2017.05.03"]

1. d4 e6 2. Bf4 Nf6 3. e3 Be7 4. c4 d5 5. Nc3 O-O 6. Rc1 c5 7. dxc5 Bxc5 8. Nf3
Nc6 9. a3 dxc4 10. Qxd8 Rxd8 11. Bxc4 b6 12. Ke2 Bb7 13. Rhd1 Nh5 14. Bg5 Be7
15. Bxe7 Nxe7 16. Nb5 a6 17. Nc7 Rac8 18. Bxa6 Bxa6+ 19. Nxa6 Nd5 20. Nc7 Nhf6
21. Ne5 Kf8 22. Nxd5 Nxd5 23. g3 f6 24. Nc6 Re8 25. e4 Ne7 26. Nd4 e5 27. Nb5
Nc6 28. Ke3 Na5 29. Nd6 Rxc1 30. Rxc1 Rd8 31. Nb5 Nb7 32. Rc6 Nc5 33. b4 Na4 34.
Nd6 g6 35. Nc8 Kf7 36. Ke2 h5 37. h4 Rd7 38. Nd6+ Ke7 39. Nb5 Rd8 40. f4 exf4
41. gxf4 Rg8 42. Nd4 g5 43. hxg5 fxg5 44. f5 g4 45. f6+ Kf7 46. e5 g3 47. Rc7+
Kg6 48. f7 Rh8 49. e6 Kf6 50. Rc1 h4 51. Rf1+ Ke7 52. Nc6+ Kxe6 53. f8=Q Nc3+
54. Ke1 Rxf8 55. Rxf8 h3 56. Kf1 Kd5 57. Ne7+ Kc4 58. Nf5 g2+ 59. Kf2 Ne2 60.
Rg8 g1=Q+ 61. Rxg1 Nxg1 62. Kxg1 Kb3 63. Ne7 Kxa3 64. Nc6 Ka4 65. Kh2 1/2-1/2

[Event "chess.com Speed 3m+2spm 2017"]
[Site "chess.com INT"]
[Date "2017.05.24"]
[Round "1.11"]
[White "Meier, Georg"]
[Black "Karjakin, Sergey"]
[Result "1/2-1/2"]
[WhiteTitle "GM"]
[BlackTitle "GM"]
[WhiteElo "2630"]
[BlackElo "2783"]
[WhiteFideId "4675789"]
[BlackFideId "14109603"]
[EventDate "2017.05.03"]

1. Nf3 c5 2. c4 Nc6 3. Nc3 e5 4. e3 Nf6 5. Be2 d5 6. d4 exd4 7. exd4 Be6 8. cxd5
Nxd5 9. O-O Be7 10. dxc5 Nxc3 11. bxc3 Bxc5 12. Ng5 Qxd1 13. Rxd1 O-O 14. Bf4
Rad8 15. Kf1 Bf5 16. Bc4 Bg6 17. f3 Rxd1+ 18. Rxd1 Rd8 19. Rxd8+ Nxd8 20. Ne4
Ba3 21. Bd5 Kf8 22. Nd6 Bxd6 23. Bxd6+ Ke8 24. Ke2 f6 25. Bb3 Bf7 26. c4 Nc6 27.
Kd3 Kd7 28. Bf8 g6 29. Kc3 Na5 30. Ba4+ Kd8 31. Bb3 Nxb3 32. axb3 1/2-1/2

[Event "chess.com Speed 3m+2spm 2017"]
[Site "chess.com INT"]
[Date "2017.05.24"]
[Round "1.13"]
[White "Meier, Georg"]
[Black "Karjakin, Sergey"]
[Result "1/2-1/2"]
[WhiteTitle "GM"]
[BlackTitle "GM"]
[WhiteElo "2630"]
[BlackElo "2783"]
[WhiteFideId "4675789"]
[BlackFideId "14109603"]
[EventDate "2017.05.03"]

1. Nf3 Nf6 2. g3 d5 3. Bg2 e6 4. O-O Be7 5. d4 O-O 6. c4 dxc4 7. Qc2 a6 8. a4
Bd7 9. Qxc4 Bc6 10. Bf4 a5 11. Nc3 Na6 12. Rac1 Nb4 13. Ne5 Bxg2 14. Kxg2 c6 15.
e4 Nd7 16. Nf3 Qb6 17. Rfd1 Rfd8 18. h4 h6 19. Qe2 Nf6 20. Rd2 Qa6 21. Qd1 Nh5
22. Be3 Nf6 23. Ne5 Nd7 24. Bf4 Nxe5 25. Bxe5 b6 26. Qf3 Qb7 27. Rcd1 Rd7 28.
Qg4 Bf8 29. Kh2 Rad8 30. f4 Kh8 31. f5 exf5 32. Qxf5 Re8 33. Bf4 g6 34. Be5+
Rxe5 35. Qxe5+ Bg7 36. Qf4 Re7 37. e5 c5 38. Re2 cxd4 39. Rxd4 h5 40. Rd6 Qc7
41. e6 Kh7 42. Rd7 Rxd7 43. Qxc7 Rxc7 44. e7 Rc8 45. e8=Q Rxe8 46. Rxe8 Nd3 47.
Nd5 Nxb2 48. Re4 Bf8 49. Nxb6 Kg7 50. Kg2 Bc5 51. Nd5 Nd3 52. Rc4 Bd6 53. Rd4
Nb4 54. Nxb4 Bxb4 55. Kf3 Bc3 56. Rc4 Bd2 57. Rc2 Be1 58. Rc1 Bb4 59. Rc6 Kf8
60. Rb6 Ke7 61. Rb5 Kd6 62. g4 hxg4+ 63. Kxg4 Ke6 64. Rb6+ Ke7 65. h5 gxh5+ 66.
Kxh5 Kd7 67. Kg4 Kc7 68. Ra6 Kd7 69. Kf5 Ke7 70. Ra7+ Kf8 71. Rb7 Bc3 72. Ke4
Kg7 73. Kd3 Be1 74. Rb1 Bh4 75. Kc4 f5 76. Kb5 Kf6 77. Kxa5 Ke5 78. Kb5 f4 79.
a5 Bf2 80. Rf1 Be3 81. a6 Ke4 82. Kc4 f3 83. Kc3 f2 84. Kc2 Kf3 85. Kd3 Ba7 86.
Rb1 Kg2 87. Ke2 Bb6 88. Rf1 Ba7 1/2-1/2

[Event "chess.com Speed 3m+2spm 2017"]
[Site "chess.com INT"]
[Date "2017.05.24"]
[Round "1.15"]
[White "Meier, Georg"]
[Black "Karjakin, Sergey"]
[Result "1/2-1/2"]
[WhiteTitle "GM"]
[BlackTitle "GM"]
[WhiteElo "2630"]
[BlackElo "2783"]
[WhiteFideId "4675789"]
[BlackFideId "14109603"]
[EventDate "2017.05.03"]

1. Nf3 Nf6 2. g3 c5 3. Bg2 Nc6 4. O-O e5 5. c4 d5 6. cxd5 Nxd5 7. Nc3 Be6 8. Ng5
Qxg5 9. Nxd5 Qd8 10. Ne3 Rc8 11. b3 Be7 12. Bb2 f6 13. f4 exf4 14. gxf4 Qd7 15.
Qe1 Nd4 16. Qf2 O-O 17. f5 Bf7 18. Be4 Bd6 19. d3 Rfe8 20. Qg2 b6 21. Kh1 Kh8
22. Rf2 Re7 23. Rg1 Rg8 24. Nd5 Ree8 25. e3 Bxd5 26. Bxd5 Rxe3 27. Bxg8 Kxg8 28.
Bxd4 cxd4 29. Qd5+ Kf8 30. Rc2 Re7 31. Rc6 Bc5 32. Qxd7 Rxd7 33. Re1 Kf7 34. Kg2
a5 35. Kf3 Rd5 36. Rc7+ Kf8 37. Kg4 h5+ 38. Kxh5 Rxf5+ 39. Kg4 Rf2 40. h4 Kg8
41. Rb7 Kh7 42. Re8 Rxa2 43. Rc8 Rg2+ 44. Kf3 Rd2 45. Ke4 Re2+ 46. Kd5 Rg2 47.
Rcc7 Rg3 48. Kc4 Kh6 49. Rd7 Rg4 50. Rf7 Rg3 51. Rfd7 Rg4 52. Rf7 Rg3 53. Rbc7
Rg4 54. Rb7 1/2-1/2

[Event "chess.com Speed 1m+1spm 2017"]
[Site "chess.com INT"]
[Date "2017.05.24"]
[Round "1.21"]
[White "Meier, Georg"]
[Black "Karjakin, Sergey"]
[Result "1/2-1/2"]
[WhiteTitle "GM"]
[BlackTitle "GM"]
[WhiteElo "2630"]
[BlackElo "2783"]
[WhiteFideId "4675789"]
[BlackFideId "14109603"]
[EventDate "2017.05.03"]

1. Nf3 d5 2. d4 Nf6 3. c4 e6 4. Nc3 c6 5. e3 Nbd7 6. Qc2 Bd6 7. b3 O-O 8. Bb2 e5
9. dxe5 Nxe5 10. O-O-O Qe7 11. Nd4 dxc4 12. bxc4 Ba3 13. h3 Bxb2+ 14. Kxb2 a5
15. g4 a4 16. g5 Nfd7 17. Ne4 Nc5 18. Ka1 Nb3+ 19. Kb1 Nxd4 20. exd4 Nf3 21. h4
Bf5 22. Nf6+ gxf6 23. Qxf5 Qb4+ 24. Kc2 Qa3 25. Kb1 Qb4+ 26. Kc2 Qa3 27. Kb1
Qb4+ 28. Kc2 1/2-1/2

[Event "chess.com Speed 1m+1spm 2017"]
[Site "chess.com INT"]
[Date "2017.05.24"]
[Round "1.24"]
[White "Karjakin, Sergey"]
[Black "Meier, Georg"]
[Result "1/2-1/2"]
[WhiteTitle "GM"]
[BlackTitle "GM"]
[WhiteElo "2783"]
[BlackElo "2630"]
[WhiteFideId "14109603"]
[BlackFideId "4675789"]
[EventDate "2017.05.03"]

1. d4 e6 2. c4 Nf6 3. Nc3 d5 4. cxd5 exd5 5. Bg5 c6 6. e3 Be6 7. Bd3 Nbd7 8.
Nge2 h6 9. Bh4 g5 10. Bg3 Nh5 11. Qc2 Nxg3 12. Nxg3 h5 13. Nf5 h4 14. O-O-O Qc7
15. Kb1 O-O-O 16. g3 Kb8 17. Qe2 Nf6 18. g4 h3 19. f3 Re8 20. Rc1 Bb4 21. a3
Bxc3 22. Rxc3 Bxf5 23. Bxf5 Re7 24. Rg1 Ne8 25. e4 f6 26. Qc2 dxe4 27. fxe4 Nd6
28. d5 Nxf5 29. gxf5 Rc8 30. Rc1 Qe5 31. dxc6 Qxe4 32. c7+ Ka8 33. Qxe4 Rxe4 34.
Rxh3 Rf4 35. Rd3 b6 36. Rd5 Kb7 37. Rd7 Rxf5 38. Rf7 g4 39. Rc4 Rf1+ 40. Ka2 f5
41. Rxg4 fxg4 42. Rxf1 Rxc7 43. Rf4 1/2-1/2

[Event "chess.com Speed 5m+2spm 2017"]
[Site "chess.com INT"]
[Date "2017.05.25"]
[Round "1.1"]
[White "So, Wesley"]
[Black "Giri, Anish"]
[Result "1/2-1/2"]
[WhiteTitle "GM"]
[BlackTitle "GM"]
[WhiteElo "2815"]
[BlackElo "2785"]
[WhiteFideId "5202213"]
[BlackFideId "24116068"]
[EventDate "2017.05.03"]

1. e4 c5 2. Nf3 d6 3. d4 cxd4 4. Nxd4 Nf6 5. Nc3 a6 6. Be3 Ng4 7. Bc1 Nf6 8. f3
e5 9. Nb3 Be6 10. Be3 h5 11. Qd2 Nbd7 12. Nd5 Bxd5 13. exd5 g6 14. Be2 Bg7 15.
O-O b6 16. c4 O-O 17. h3 Nh7 18. g4 hxg4 19. hxg4 Bf6 20. Kg2 Bg5 21. Rh1 Bxe3
22. Qxe3 Qg5 23. Kf2 Qxe3+ 24. Kxe3 Kg7 25. Nd2 Ng5 26. b4 a5 27. a3 Ra7 28. Bd3
Rfa8 29. Nb3 Nf6 30. bxa5 bxa5 31. Rab1 e4 32. Bxe4 Re8 33. Nd2 Ngxe4 34. fxe4
Nxe4 35. Nxe4 Rae7 36. Rh3 Rxe4+ 37. Kd3 Rxg4 38. Rb6 Ree4 39. Rc6 g5 40. Rf3 f6
41. Rxd6 Rd4+ 42. Ke3 Rxc4 43. Rfxf6 Rg3+ 44. Kf2 Rxa3 45. Rg6+ Kf7 46. Rgf6+
Kg7 47. Rg6+ Kf7 48. Rgf6+ Kg7 49. Rg6+ 1/2-1/2

[Event "chess.com Speed 5m+2spm 2017"]
[Site "chess.com INT"]
[Date "2017.05.25"]
[Round "1.2"]
[White "Giri, Anish"]
[Black "So, Wesley"]
[Result "1/2-1/2"]
[WhiteTitle "GM"]
[BlackTitle "GM"]
[WhiteElo "2785"]
[BlackElo "2815"]
[WhiteFideId "24116068"]
[BlackFideId "5202213"]
[EventDate "2017.05.03"]

1. c4 e6 2. Nc3 d5 3. d4 Be7 4. Nf3 Nf6 5. Bf4 O-O 6. e3 Nbd7 7. c5 c6 8. h3 b6
9. b4 a5 10. a3 h6 11. Bd3 Ba6 12. O-O Qc8 13. Rb1 axb4 14. axb4 Qb7 15. Re1
Rfc8 16. Bc2 Bd8 17. Qd2 Bc7 18. Ra1 Bc4 19. Reb1 Rxa1 20. Rxa1 Bxf4 21. exf4
Ra8 22. Qc1 Rxa1 23. Qxa1 Ne8 24. Ne5 Nxe5 25. fxe5 Nc7 26. g3 Kf8 27. Qa3 bxc5
28. bxc5 Qa6 29. Qxa6 Nxa6 30. f4 Ke7 31. Kf2 f6 32. h4 Nb4 33. Bd1 Bd3 34. Ke3
Bc2 35. Na2 Nxa2 36. Bxc2 Nc3 37. g4 fxe5 38. dxe5 Na2 39. Kd4 Nb4 40. Ba4 Kd7
41. f5 Ke7 42. Bd1 Na6 43. Ba4 Nb8 44. Bc2 Nd7 45. Ba4 Nb8 46. Ke3 Nd7 47. Kd4
Nb8 1/2-1/2

[Event "chess.com Speed 5m+2spm 2017"]
[Site "chess.com INT"]
[Date "2017.05.25"]
[Round "1.5"]
[White "So, Wesley"]
[Black "Giri, Anish"]
[Result "1/2-1/2"]
[WhiteTitle "GM"]
[BlackTitle "GM"]
[WhiteElo "2815"]
[BlackElo "2785"]
[WhiteFideId "5202213"]
[BlackFideId "24116068"]
[EventDate "2017.05.03"]

1. d4 Nf6 2. Nf3 d5 3. c4 e6 4. Nc3 c5 5. cxd5 Nxd5 6. e3 cxd4 7. exd4 Nxc3 8.
bxc3 Qc7 9. Bd2 Nd7 10. Bd3 b6 11. Ng5 Nf6 12. Qf3 Rb8 13. O-O h6 14. Qh3 Bd6
15. Ne4 Nxe4 16. Bxe4 O-O 17. Bc2 Bf4 18. Qd3 g6 19. Rfe1 Bxh2+ 20. Kh1 Bf4 21.
Re4 Bxd2 22. Qxd2 Kg7 23. Rae1 Bd7 24. Rg4 Rbc8 25. Re3 f5 26. Rh4 g5 27. Rhh3
Rf6 28. Re5 Qd6 29. Rhe3 b5 30. Bb3 f4 31. Re1 f3 32. g3 Qf8 33. Kg1 Qf7 34. Qd3
Re8 35. R1e3 Rf5 36. Rxf5 Qxf5 37. Rxf3 Qxd3 38. Rxd3 Kf6 39. Rf3+ Ke7 40. Re3
Kd6 41. Kf1 e5 42. Rf3 exd4 43. cxd4 Bh3+ 44. Kg1 Re1+ 45. Kh2 Bg4 46. Rf6+ Ke7
47. Rf7+ Kd6 48. Rf6+ Ke7 49. Rf7+ Kd6 50. Rf6+ Ke7 51. Rf7+ 1/2-1/2

[Event "chess.com Speed 3m+2spm 2017"]
[Site "chess.com INT"]
[Date "2017.05.25"]
[Round "1.11"]
[White "So, Wesley"]
[Black "Giri, Anish"]
[Result "1/2-1/2"]
[WhiteTitle "GM"]
[BlackTitle "GM"]
[WhiteElo "2815"]
[BlackElo "2785"]
[WhiteFideId "5202213"]
[BlackFideId "24116068"]
[EventDate "2017.05.03"]

1. d4 Nf6 2. Nf3 g6 3. Bg5 Bg7 4. Nbd2 O-O 5. e4 h6 6. Bh4 d6 7. Bd3 Nc6 8. O-O
e5 9. c3 a5 10. Qc2 exd4 11. Nxd4 Bd7 12. Nxc6 bxc6 13. f4 Qb8 14. Kh1 a4 15.
Rae1 Ra5 16. e5 dxe5 17. Nc4 Rd5 18. Nxe5 Qc8 19. Qxa4 Ng4 20. Nxd7 Qxd7 21. Be4
Rh5 22. Bg3 Qe7 23. Bf3 Qd7 24. Rd1 Qf5 25. Qxc6 Ne3 26. Rfe1 Nxd1 27. Rxd1 Qc2
28. Bxh5 gxh5 29. Qf3 Qxb2 30. Qxh5 Qxa2 31. f5 Qc4 32. f6 Bxf6 33. Qxh6 Bg7 34.
Qe3 Qxc3 35. Qxc3 Bxc3 36. Bxc7 Rc8 37. Bf4 Bg7 38. h4 Rc4 39. Rf1 Bh6 40. Bg3
Kg7 41. Kh2 Kg6 42. Rf3 f5 43. Bf2 Rf4 44. Kg3 Rxf3+ 45. Kxf3 Bf8 46. Bg3 Bb4
47. Be5 Ba3 48. g3 Bb4 49. Bd4 Bd6 50. g4 fxg4+ 51. Kxg4 Kh7 52. Be5 Bxe5 53. h5
Kh6 54. Kf3 Kxh5 1/2-1/2

[Event "chess.com Speed 3m+2spm 2017"]
[Site "chess.com INT"]
[Date "2017.05.25"]
[Round "1.12"]
[White "Giri, Anish"]
[Black "So, Wesley"]
[Result "1/2-1/2"]
[WhiteTitle "GM"]
[BlackTitle "GM"]
[WhiteElo "2785"]
[BlackElo "2815"]
[WhiteFideId "24116068"]
[BlackFideId "5202213"]
[EventDate "2017.05.03"]

1. Nf3 d5 2. g3 Bg4 3. Bg2 c6 4. O-O Nd7 5. h3 Bh5 6. d3 Ngf6 7. Qe1 e5 8. e4
dxe4 9. dxe4 Be7 10. a4 a5 11. Nh4 O-O 12. Nd2 Bb4 13. c3 Bc5 14. Nb3 Bb6 15.
Be3 Re8 16. Nf5 Qc7 17. g4 Bg6 18. Rd1 Bxf5 19. exf5 h6 20. Nd2 Bxe3 21. Qxe3
Nb6 22. Qg3 Nxa4 23. b3 Nb6 24. h4 Rad8 25. g5 hxg5 26. hxg5 Nh5 27. Qg4 Nf4 28.
Ne4 Rxd1 29. Rxd1 Rd8 30. Re1 Nbd5 31. c4 Nxg2 32. Kxg2 Nf4+ 33. Kg3 Rd3+ 34. f3
Qd8 35. Nf6+ Kf8 36. Nh7+ Kg8 37. Nf6+ Kf8 38. Nh7+ Kg8 39. Nf6+ 1/2-1/2

[Event "chess.com Speed 3m+2spm 2017"]
[Site "chess.com INT"]
[Date "2017.05.25"]
[Round "1.14"]
[White "Giri, Anish"]
[Black "So, Wesley"]
[Result "1/2-1/2"]
[WhiteTitle "GM"]
[BlackTitle "GM"]
[WhiteElo "2785"]
[BlackElo "2815"]
[WhiteFideId "24116068"]
[BlackFideId "5202213"]
[EventDate "2017.05.03"]

1. Nf3 d5 2. g3 Bg4 3. Bg2 c6 4. h3 Bh5 5. O-O Nd7 6. c4 Bxf3 7. Bxf3 Ne5 8. Qb3
Qb6 9. cxd5 Qxb3 10. axb3 Nxf3+ 11. exf3 cxd5 12. Nc3 e6 13. Nb5 Kd7 14. Rxa7
Rxa7 15. Nxa7 Ne7 16. d3 Nf5 17. Kg2 Bc5 18. Nb5 Rc8 19. Bd2 Nd4 20. Nxd4 Bxd4
21. Rc1 Rxc1 22. Bxc1 Kc6 23. Kf1 Kb5 24. Bd2 Bxb2 25. Ke2 Bd4 26. f4 f5 27. f3
g6 28. g4 Bc5 29. Kd1 d4 30. Kc2 Bb4 31. Bc1 Kc5 32. Kd1 b5 33. Ke2 h5 34. g5
Kd5 35. Kd1 Ba5 36. Ke2 Kc5 37. Ba3+ Bb4 38. Bc1 Kd5 39. Kd1 Ba5 40. Ke2 Bc7 41.
Bd2 Bd6 42. b4 Bc7 43. Kf1 Bd6 44. Kg2 Bc7 1/2-1/2

[Event "chess.com Speed 1m+1spm 2017"]
[Site "chess.com INT"]
[Date "2017.05.25"]
[Round "1.16"]
[White "Giri, Anish"]
[Black "So, Wesley"]
[Result "1/2-1/2"]
[WhiteTitle "GM"]
[BlackTitle "GM"]
[WhiteElo "2785"]
[BlackElo "2815"]
[WhiteFideId "24116068"]
[BlackFideId "5202213"]
[EventDate "2017.05.03"]

1. Nf3 d5 2. g3 Bg4 3. Bg2 c6 4. h3 Bh5 5. O-O Nd7 6. d4 e6 7. c4 Be7 8. Qb3 Qb6
9. Nc3 Ngf6 10. Re1 O-O 11. Bf4 Rfd8 12. g4 Bg6 13. c5 Qxb3 14. axb3 Rdc8 15. b4
a6 16. Nd2 Bd8 17. Nb3 Bc7 18. Bxc7 Rxc7 19. f4 Rb8 20. e3 Be4 21. g5 Bxg2 22.
Kxg2 Nh5 23. Nc1 f5 24. Nd3 Kf7 25. Kf3 g6 26. h4 Ng7 27. Rh1 h5 28. Ke2 Ne8 29.
Kd2 Rcc8 30. Ne2 Nc7 31. Ng1 Ke7 32. Nf3 Rg8 33. Nfe5 Nxe5 34. Nxe5 Rbc8 35. Ra5
Rg7 36. Rha1 Rgg8 37. Kd3 Rg7 38. Kd2 Kd8 39. Kd3 Ke8 40. Kd2 Kd8 41. Kd3 Ke8
42. Kd2 Kd8 1/2-1/2

[Event "chess.com Speed 1m+1spm 2017"]
[Site "chess.com INT"]
[Date "2017.05.25"]
[Round "1.17"]
[White "So, Wesley"]
[Black "Giri, Anish"]
[Result "1/2-1/2"]
[WhiteTitle "GM"]
[BlackTitle "GM"]
[WhiteElo "2815"]
[BlackElo "2785"]
[WhiteFideId "5202213"]
[BlackFideId "24116068"]
[EventDate "2017.05.03"]

1. Nf3 Nf6 2. d4 d5 3. c4 e6 4. Nc3 c6 5. e3 Nbd7 6. Qc2 Bd6 7. b3 O-O 8. Be2 b6
9. O-O Bb7 10. Bb2 Qe7 11. Rad1 Rac8 12. e4 dxe4 13. Nxe4 Nxe4 14. Qxe4 Nf6 15.
Qh4 c5 16. Rfe1 Bxf3 17. Bxf3 cxd4 18. Qxd4 Rfd8 19. Qe3 h6 20. Qe2 Bb4 21.
Rxd8+ Rxd8 22. Rd1 Rxd1+ 23. Qxd1 e5 24. g3 e4 25. Bxf6 Qxf6 26. Bxe4 Bc5 27.
Qe2 g6 28. Kg2 Kg7 29. Bd5 h5 30. Qf3 1/2-1/2

[Event "chess.com Speed 1m+1spm 2017"]
[Site "chess.com INT"]
[Date "2017.05.25"]
[Round "1.18"]
[White "Giri, Anish"]
[Black "So, Wesley"]
[Result "1/2-1/2"]
[WhiteTitle "GM"]
[BlackTitle "GM"]
[WhiteElo "2785"]
[BlackElo "2815"]
[WhiteFideId "24116068"]
[BlackFideId "5202213"]
[EventDate "2017.05.03"]

1. Nf3 d5 2. g3 c5 3. Bg2 Nc6 4. d4 Nf6 5. O-O e6 6. c4 dxc4 7. dxc5 Qxd1 8.
Rxd1 Bxc5 9. Nbd2 c3 10. bxc3 O-O 11. Nb3 Be7 12. Nfd4 Bd7 13. Bg5 Rfd8 14. Nxc6
Bxc6 15. Bxc6 bxc6 16. Na5 Rac8 17. Rxd8+ Bxd8 18. Nb7 h6 19. Nd6 Rb8 20. Be3
Bb6 21. Rb1 Nd5 22. Bxb6 Rxb6 23. Rc1 Rb2 24. e4 Nb6 25. a4 Ra2 26. c4 Rxa4 27.
c5 Nd7 28. Rb1 Nxc5 29. Rb8+ Kh7 30. Nxf7 Nxe4 31. Rh8+ Kg6 32. Ne5+ Kf5 33.
Nxc6 a5 34. Kg2 Ra2 35. Rf8+ Kg6 36. h4 a4 37. Rf4 Rxf2+ 38. Rxf2 Nxf2 39. Kxf2
a3 40. Nb4 Kf5 41. Kf3 h5 42. Na2 e5 43. Nc3 e4+ 44. Kg2 Kg4 45. Nd1 Kf5 46.
Ne3+ Ke6 47. Kf2 a2 48. Nc2 Kf5 49. Ne3+ Kf6 50. Nc2 Ke5 51. Ke2 Kd6 52. Ke3 Ke5
53. Ke2 g5 54. hxg5 Kf5 55. Kf2 Kxg5 56. Kg2 Kf6 57. Kf2 Kf5 58. Ne3+ Kf6 59.
Nc2 Kg5 60. Kg2 Kg4 61. Ne3+ Kg5 62. Nc2 Kf6 63. Kf2 Kf5 64. Ne3+ Ke6 65. Nc2
Kd6 66. Ke3 Ke5 67. Ke2 Kf5 68. Kf2 Kg5 69. Kg2 Kf6 70. Kf2 Kf5 71. Ne3+ Kg5 72.
Nc2 Kf5 73. Ne3+ Kg5 74. Nc2 h4 75. gxh4+ Kxh4 76. Ke3 a1=Q 77. Nxa1 Kg4 78.
Kxe4 1/2-1/2

[Event "chess.com Speed 1m+1spm 2017"]
[Site "chess.com INT"]
[Date "2017.05.25"]
[Round "1.19"]
[White "So, Wesley"]
[Black "Giri, Anish"]
[Result "1/2-1/2"]
[WhiteTitle "GM"]
[BlackTitle "GM"]
[WhiteElo "2815"]
[BlackElo "2785"]
[WhiteFideId "5202213"]
[BlackFideId "24116068"]
[EventDate "2017.05.03"]

1. Nf3 c5 2. g3 Nc6 3. Bg2 g6 4. c3 Bg7 5. d4 cxd4 6. cxd4 d5 7. Nc3 e6 8. O-O
Nge7 9. b3 O-O 10. Ba3 b6 11. Rc1 Ba6 12. Qd2 Qd7 13. Rfd1 Rfc8 14. Rc2 Nf5 15.
e3 Bf8 16. Bxf8 Kxf8 17. Bf1 Bxf1 18. Rxf1 Nd6 19. Ne5 Nxe5 20. dxe5 Nb5 21. Ne2
Rxc2 22. Qxc2 Rc8 23. Qd2 a5 24. Rc1 Rxc1+ 25. Qxc1 Qc7 26. Qxc7 Nxc7 27. Nd4
Ke7 28. f4 Kd7 29. Kf2 b5 30. a3 b4 31. axb4 axb4 32. Kf3 Na6 33. g4 Nc5 34. h3
Ke7 35. Ke2 Kd7 36. Kf3 Ke7 37. Ke2 Kd7 38. Kf3 1/2-1/2

[Event "chess.com Speed 1m+1spm 2017"]
[Site "chess.com INT"]
[Date "2017.05.25"]
[Round "1.22"]
[White "Giri, Anish"]
[Black "So, Wesley"]
[Result "1/2-1/2"]
[WhiteTitle "GM"]
[BlackTitle "GM"]
[WhiteElo "2785"]
[BlackElo "2815"]
[WhiteFideId "24116068"]
[BlackFideId "5202213"]
[EventDate "2017.05.03"]

1. Nf3 d5 2. g3 e6 3. Bg2 Nf6 4. O-O Be7 5. d3 O-O 6. Nbd2 c5 7. e4 Nc6 8. e5
Nd7 9. Re1 b5 10. Nf1 a5 11. h4 b4 12. Bf4 a4 13. a3 bxa3 14. bxa3 Re8 15. Ne3
Bb7 16. h5 Bf8 17. Rb1 Rb8 18. c4 dxc4 19. dxc4 Qc7 20. Qxa4 Nd4 21. Nd2 Bxg2
22. Nxg2 Ra8 23. Qd1 Rxa3 24. h6 g6 25. Nh4 Qc6 26. Ne4 Be7 27. Bg5 Nxe5 28.
Bxe7 Nef3+ 29. Nxf3 Nxf3+ 30. Kf1 Nxe1 31. Qxe1 f5 32. Bxc5 Rd3 33. Nf6+ Kf7 34.
Nxe8 Qh1+ 35. Ke2 Qf3+ 36. Kf1 Qh1+ 37. Ke2 Qf3+ 38. Kf1 Qh1+ 1/2-1/2

[Event "chess.com Speed 1m+1spm 2017"]
[Site "chess.com INT"]
[Date "2017.05.25"]
[Round "1.24"]
[White "Giri, Anish"]
[Black "So, Wesley"]
[Result "1/2-1/2"]
[WhiteTitle "GM"]
[BlackTitle "GM"]
[WhiteElo "2785"]
[BlackElo "2815"]
[WhiteFideId "24116068"]
[BlackFideId "5202213"]
[EventDate "2017.05.03"]

1. Nf3 d5 2. g3 Nf6 3. Bg2 e6 4. O-O Be7 5. d3 O-O 6. Nbd2 c5 7. e4 Nc6 8. Re1
b5 9. e5 Nd7 10. Nf1 a5 11. h4 b4 12. h5 a4 13. h6 g6 14. Bf4 a3 15. b3 Bb7 16.
N1h2 Rc8 17. Qd2 Re8 18. Ng4 Nd4 19. Nxd4 cxd4 20. Qd1 Rc6 21. Rc1 Qc7 22. Nh2
Rc8 23. Nf3 Rxc2 24. Nxd4 Rxc1 25. Bxc1 Ba6 26. Bf4 Qc3 27. Nxe6 fxe6 28. Kh2
Nf8 29. Re3 Qc2 30. Qg4 Bxd3 31. Bg5 Bf5 32. Qh4 Bxg5 33. Qxg5 Qxf2 34. Rf3 Qxa2
35. Rxf5 Rc2 36. Kh3 Rxg2 37. Rxf8+ Kxf8 38. Qd8+ Kf7 39. Qd7+ Kf8 40. Qd8+ Kf7
41. Qd7+ Kf8 42. Qd8+ 1/2-1/2